Philosophy east and west
محفوظ في:
| التنسيق: | كتاب |
|---|---|
| اللغة: | Undetermined |
| منشور في: |
Hong Kong
University Of Hawai's Press
2006
|
| الموضوعات: | |
| الوسوم: |
إضافة وسم
لا توجد وسوم, كن أول من يضع وسما على هذه التسجيلة!
|
| Thư viện lưu trữ: | Trung tâm Học liệu Trường Đại học Cần Thơ |
|---|
| LEADER | 00418nam a2200157Ia 4500 | ||
|---|---|---|---|
| 001 | CTU_121561 | ||
| 008 | 210402s9999 xx 000 0 und d | ||
| 082 | |a 100 | ||
| 082 | |b P568/Vol.56 | ||
| 245 | 0 | |a Philosophy east and west | |
| 260 | |a Hong Kong | ||
| 260 | |b University Of Hawai's Press | ||
| 260 | |c 2006 | ||
| 650 | |a Philosophy | ||
| 904 | |i Tuyến | ||
| 980 | |a Trung tâm Học liệu Trường Đại học Cần Thơ | ||